000 00789nam a22001577a 4500
999 _c59616
_d59616
005 20230323105231.0
008 230323c2021 ge ||||| |||| 00| 0 geo d
022 _a1512-0481
041 _ageo
245 _aსაქართველოს უზენაესი სასამართლოს გადაწყვეტილებანი /
_bსამოქალაქო საქმეებზე : [ყოველთვიური]. სამოქალაქო პროცესი.
260 _aთბილისი,
_c2000-
300 _av.
653 _aსაქართველოს უზენაესი სასამართლოს გადაწყვეტილებანი
653 _aპერიოდიკა
942 _2udc
_cCR